ბათუმის შოთა რუსთაველის სახელმწიფო უნივერსიტეტის ბიბლიოთეკა

ასი ლექსი (ბიბ.ჩანაწერი № 48800)

000 -LEADER
fixed length control field 00689nam a2200205Ia 4500
001 - CONTROL NUMBER
control field 15702
003 - CONTROL NUMBER IDENTIFIER
control field GE_BSU
008 - FIXED-LENGTH DATA ELEMENTS--GENERAL INFORMATION
fixed length control field 181216s||||||||xx |||||||||||||| ||und||
040 ## - CATALOGING SOURCE
Transcribing agency GE_BSU
080 ## - UNIVERSAL DECIMAL CLASSIFICATION NUMBER
Universal Decimal Classification number 821.353.1-1
100 ## - MAIN ENTRY--PERSONAL NAME
Personal name წერეთელი, ა.
245 ## - TITLE STATEMENT
Title ასი ლექსი
245 ## - TITLE STATEMENT
Statement of responsibility, etc. რედ. და წინასიტყვაობა სიმონ ჩიქოვანისა. მხ. ლადო გრიგოლია
260 ## - PUBLICATION, DISTRIBUTION, ETC.
Place of publication, distribution, etc. თბილისი
260 ## - PUBLICATION, DISTRIBUTION, ETC.
Name of publisher, distributor, etc. საბჭ. მწერალი
260 ## - PUBLICATION, DISTRIBUTION, ETC.
Date of publication, distribution, etc. 1960
300 ## - PHYSICAL DESCRIPTION
Extent 259გვ. : 1ფ. პორტრ. ; 17სმ.
653 ## - INDEX TERM--UNCONTROLLED
Uncontrolled term ასი ლექსი
942 ## - ADDED ENTRY ELEMENTS (KOHA)
Koha item type წიგნი
ეგზემპლარები
Withdrawn status Lost status Damaged status Not for loan Date acquired Barcode Date last seen Price effective from Koha item type
        2018-12-17 39159 2018-12-17 2018-12-17 წიგნი
        2018-12-17 38873 2018-12-17 2018-12-17 წიგნი
        2018-12-17 38874 2018-12-17 2018-12-17 წიგნი